¡Qué animales! /
Cuidado al abrir el libro: está lleno de animales raros y andan sueltos. Algunos son malhumorados, explosivos o capaces de bromas puercas. La autora no los inventó: existen en la naturaleza. El profesor Zeque -que también anda suelto por el libro- los conoce bien porque es un estudioso de la fauna....
Guardado en:
| Autor Principal: | |
|---|---|
| Otros Autores: | |
| Formato: | Libro |
| Idioma: | Undetermined |
| Publicado: |
Buenos Aires :
Sudamericana,
1999.
|
| Series: | Primera
|
| Materias: | |
| Etiquetas: |
Agregar Etiqueta
Sin Etiquetas, Sea el primero en etiquetar este registro!
|
| LEADER | 01623nam a22002655a 4500 | ||
|---|---|---|---|
| 001 | CEM.cems020783 | ||
| 008 | 240216s1999####ag############000#0#und#d | ||
| 005 | 20240216155543.0 | ||
| 245 | 1 | 0 | |a ¡Qué animales! / |c Ema Wolf ; ilustrado por Carlos Nine. |
| 260 | |a Buenos Aires : |b Sudamericana, |c 1999. | ||
| 300 | |a 80 p. | ||
| 490 | 1 | |a Primera | |
| 520 | |a Cuidado al abrir el libro: está lleno de animales raros y andan sueltos. Algunos son malhumorados, explosivos o capaces de bromas puercas. La autora no los inventó: existen en la naturaleza. El profesor Zeque -que también anda suelto por el libro- los conoce bien porque es un estudioso de la fauna. Al menos eso dice él...Si alguien merece estar en una jaula, es el profesor Zeque. | ||
| 505 | 0 | |a El ai -- El bongo -- La avicularia -- La hoja andariega -- La broma -- La ganga -- El násico -- La cacerolita -- La hormiga costurera -- El sinsonte -- La regadera de Filipinas -- El demonio de Tasmania -- El hocico de cerdo -- El arquero -- La rana voladora -- El bombardero -- El lofio -- La rata comerciante -- El pepino de mar -- El lución -- La vaca -- El cangrejo de las salinas | |
| 020 | |a 9500715376 | ||
| 100 | 1 | |a Wolf, Ema. | |
| 700 | 1 | |a Nine, Carlos; il. | |
| 653 | |a Literatura argentina | ||
| 653 | |a Literatura infantil | ||
| 653 | |a Cuentos | ||
| 653 | |a Cuentos infantiles | ||
| 653 | |a Cuento argentino | ||
| 859 | |a CEMS |b BIB. CEMS - Inicial y Primaria |h A868.4 |i W831-1 |k IP |p 2279 |t Ej. 1 | ||
| 859 | |a CEMS |b BIB. CEMS - Inicial y Primaria |h A868.4 |i W831-1 |k IP |p 2280 |t Ej.2 | ||
| 859 | |a CEMS |b BIB. CEMS - Inicial y Primaria |h A868.4 |i W831-1 |k IP |p 6393 |t Ej.3 | ||
